ბათუმის შოთა რუსთაველის სახელმწიფო უნივერსიტეტის ბიბლიოთეკა

იური სიხარულიძე: (ბიბ.ჩანაწერი № 34695)

000 -ლიდერი
ფიქსირებული სიგრძის საკონტროლო ველი 01892nam a2200265Ia 4500
001 - საკონტროლო ნომერი
საკონტროლო ველი 480
003 - საკონტროლო ნომრის იდენტიფიკატორი
საკონტროლო ველი GE_BSU
005 - ბოლო ოპერაციის თარიღი და დრო
საკონტროლო ველი 20190529205807.0
008 - ფიქსირებული სიგრძის მონაცემთა ელემენტები - ზოგადი ინფორმაცია
ფიქსირებული სიგრძის საკონტროლო ველი 181216s2011||||ge |||||||||||||| ||geo||
020 ## - წიგნის საერთაშორისო სტანდარტული ნომერი
International Standard Book Number 9789941412721
040 ## - კატალოგიზაციის წყარო
Transcribing agency GE_BSU
041 ## - ენის კოდი
Language code of text/sound track or separate title geo
080 ## - უნივერსალური ათობითი კლასიფიკაციის ინდექსი
Universal Decimal Classification number 94(479.22)(092) ს-56
245 ## - ცნობა სათაურის შესახებ
Title იური სიხარულიძე:
Remainder of title დაბადებიდან 85 წლისთავისადმი მიძღვნილი საიუბილეო სამეცნიერო სესიის მასალები /
Statement of responsibility, etc შოთა რუსთაველის სახ. უნ-ტი; ისტორიის, არქეოლოგიის და ეთნოლოგიის დეპარტამენტი; ილია ჭავჭავაძის სამეცნიერო ბიბლიოთეკა. სარედ კოლ.: მერაბ მეგრელიშვილი (რედ.) და სხვ.
264 ## - წარმოების, გამოცემის, დისტრიბუციის და სხვა ცნობები
გამოცემის, წარმოების, დისტრიბუციის... ადგილი ბათუმი:
გამოცემის, წარმოების, დისტრიბუციის... სახელწოდება შოთა რუსთაველის სახ. უნ-ტი,
გამოცემის, წარმოების, დისტრიბუციის... თარიღი 2011.
300 ## - ფიზიკური აღწერა
Extent 69 გვ.
600 ## - SUBJECT ADDED ENTRY--PERSONAL NAME
Personal name სიხარულიძე, იური,
Dates associated with a name ისტორიის მეცნიერებათა დოქტორი
9 (RLIN) 1816
653 ## - INDEX TERM--UNCONTROLLED
Uncontrolled term იური სიხარულიძე
653 ## - INDEX TERM--UNCONTROLLED
Uncontrolled term ისტორია
653 ## - INDEX TERM--UNCONTROLLED
Uncontrolled term არქეოლოგია
653 ## - INDEX TERM--UNCONTROLLED
Uncontrolled term ეთნოლოგია
700 ## - ADDED ENTRY--PERSONAL NAME
Personal name მეგრელიშვილი, მერაბ
Relator term რედაქტორი
9 (RLIN) 1818
710 ## - ADDED ENTRY--CORPORATE NAME
Corporate name or jurisdiction name as entry element შოთა რუსთაველის სახელმწ. უნ-ტის ისტორიის, არქეოლ. და ეთნოლ. დეპარტამენტი
Subordinate unit ილია ჭავჭავაძის სამეცნ. ბიბ-კა
9 (RLIN) 1819
942 ## - ADDED ENTRY ELEMENTS (KOHA)
Koha item type წიგნი
Source of classification or shelving scheme
ეგზემპლარები
ჩამოწერის სტატუსი დაკარგული ეგზემპლარის სტატუსი კლასიფიკაციის წყარო ან თაროზე გაწყობის სქემა დაზიანების სტატუსი არ გაიცემა მუდმივი მდებარეობა (დაცვის ადგილი) ამჟამინდელი ადგილსამყოფელი თაროზე განთავსების ადგილი შეძენის თარიღი ღირებულება, შესყიდვის ნორმალური ფასი სრული შენახვის შიფრი შტრიხკოდი ბოლო ოპერაციის თარიღი ეგზემპლარის მიმდევრობითი ნომერი (კეტერი?) ფასის ძალაში შესვლის თარიღი ეგზემპლარის სახეობა საჯარო შენიშვნა
          ბათუმის შოთა რუსთაველის სახელმწიფო უნივერსიტეტის მთავარი ბიბლიოთეკა ბათუმის შოთა რუსთაველის სახელმწიფო უნივერსიტეტის მთავარი ბიბლიოთეკა წიგნსაცავი 2018-12-17 4.00 94(479.22)(092) ს-56 1311 2018-12-17 1311 2018-12-17 წიგნი 4 ლ.
          ბათუმის შოთა რუსთაველის სახელმწიფო უნივერსიტეტის მთავარი ბიბლიოთეკა ბათუმის შოთა რუსთაველის სახელმწიფო უნივერსიტეტის მთავარი ბიბლიოთეკა წიგნსაცავი 2018-12-17 4.00 94(479.22)(092) ს-56 1312 2018-12-17 1312 2018-12-17 წიგნი 4 ლ.
          ბათუმის შოთა რუსთაველის სახელმწიფო უნივერსიტეტის მთავარი ბიბლიოთეკა ბათუმის შოთა რუსთაველის სახელმწიფო უნივერსიტეტის მთავარი ბიბლიოთეკა წიგნსაცავი 2018-12-17 4.00 94(479.22)(092) ს-56 1313 2018-12-17 1313 2018-12-17 წიგნი 4 ლ.
          ბათუმის შოთა რუსთაველის სახელმწიფო უნივერსიტეტის მთავარი ბიბლიოთეკა ბათუმის შოთა რუსთაველის სახელმწიფო უნივერსიტეტის მთავარი ბიბლიოთეკა წიგნსაცავი 2018-12-17 4.00 94(479.22)(092) ს-56 4451 2018-12-17 4451 2018-12-17 წიგნი 4 ლ.